Donna Summer Discography - Statistics

General Stats
  • This quiz has been taken 31 times
  • The average score is 29 of 55
Answer Stats
Type Year Name % Correct
Album 1979 Bad Girls
89%
Album 1975 Love to Love You Baby
89%
Album 2008 Crayons
84%
Album 1982 Donna Summer
84%
Album 1977 I Remember Yesterday
84%
Album 1974 Lady of the Night
84%
Compilation 1979 On the Radio: Greatest Hits Volumes I & II
84%
Album 1983 She Works Hard for the Money
84%
Album 1980 The Wanderer
84%
Album 1976 Four Seasons of Love
79%
Live Album 1978 Live and More
79%
Album 1987 All Systems Go
74%
Album 1976 A Love Trilogy
74%
Compilation 1994 Endless Summer: Donna Summer's Greatest Hits
74%
Compilation 1977 Greatest Hits
74%
Compilation 1998 Greatest Hits
74%
Compilation 2001 Greatest Hits
74%
Album 1977 Once Upon a Time...
74%
Compilation 1985 The Summer Collection: Greatest Hits
74%
Album 1989 Another Place and Time
68%
Album 1984 Cats Without Claws
68%
Album 1981 I'm a Rainbow
68%
Album 1991 Mistaken Identity
68%
Compilation 2003 20th Century Masters - The Millennium Collection: The Best of Donna Summer
63%
Compilation 2006 20th Century Masters - The Millennium Collection: The Best of Donna Summer Volume 2
63%
Remix Album 2013 Love to Love You Donna
63%
Compilation 2013 Playlist: The Very Best of Donna Summer
63%
Compilation 2003 The Journey: The Very Best of Donna Summer
63%
Live Album 1999 Live & More Encore
53%
Holiday Album 1994 Christmas Spirit
47%
Compilation 2005 Gold
47%
Compilation 2013 I Feel Love: The Collection
47%
Compilation 1980 Walk Away - Collector's Edition: The Best of 1977-1980
47%
Compilation 1990 The Best of Donna Summer
42%
Compilation 1993 The Donna Summer Anthology
42%
Compilation 1977 Star Collection
37%
Compilation 1991 The Dance Collection
37%
Compilation 1987 The Dance Collection: A Compilation of Twelve Inch Singles
37%
Compilation 2003 The Ultimate Collection
37%
Compilation 2016 The Ultimate Collection
37%
Box Set 2005 Chronicles
32%
Compilation 1977 The Greatest Hits of Donna Summer
32%
Compilation 1993 This Time I Know It's For Real
32%
Compilation 1990 12"ers
21%
Box Set 1994 Donna Summer Retrospective
21%
Compilation 2013 ICON
21%
Compilation 1978 Lo Mejor De Donna Summer Volume 1
21%
Compilation 1978 Lo Mejor De Donna Summer Volume 2
21%
Compilation 1994 The Complete Donna Summer
21%
Box Set 1991 The Complete Hits Collection
21%
Compilation 1977 Star Gold
16%
Compilation 2017 The Essential Donna Summer
16%
Compilation 1991 Donna Summer Best
11%
Compilation 1997 Master Series
11%
Compilation 1999 Millennium Edition
11%
No matching quizzes found
Score Distribution
Percent of People with Each Score
Percentile by Number Answered
Your Score History
You have not taken this quiz